[Event "94th ch-GBR"]
[Site "Great Yarmouth ENG"]
[Date "2007.07.31"]
[Round "2"]
[White "Gordon,S"]
[Black "Rendle,T"]
[Result "1-0"]
[WhiteElo "2487"]
[BlackElo "2416"]
[EventDate "2007.07.30"]

1. d4 f5 2. g3 Nf6 3. c4 d6 4. Nf3 g6 5. b4 Bg7 6. Bb2 O-O 7. Bg2 a5 8. b5
a4 9. O-O c6 10. Na3 Ne4 11. Qc2 Qa5 12. Rfd1 e6 13. Ne1 d5 14. Rab1 Bd7
15. f3 Nf6 16. Bc3 Qd8 17. c5 g5 18. e3 Be8 19. Nd3 Nbd7 20. bxc6 bxc6 21.
Rb7 Bg6 22. f4 Ne4 23. Be1 Rf7 24. Rdb1 gxf4 25. gxf4 Bf6 26. R1b4 Bh5 27.
Nf2 Rg7 28. Nxe4 fxe4 29. Bg3 Kh8 30. Qf2 Bg4 31. Kf1 Qa5 32. Qd2 Rag8 33.
Ke1 h5 34. Bf1 Bf3 35. Nb1 Qd8 36. Rxa4 Rxg3 37. hxg3 Rxg3 38. Qh2 Bg4 39.
Kd2 Rf3 40. Be2 Be7 41. Raa7 Bxc5 42. Rxd7 Bb4+ 43. Kc2 Qg8 1-0

[Event "94th ch-GBR"]
[Site "Great Yarmouth ENG"]
[Date "2007.07.31"]
[Round "2"]
[White "Buckley,G"]
[Black "Williams,Si1"]
[Result "1-0"]
[WhiteElo "2379"]
[BlackElo "2480"]
[EventDate "2007.07.30"]

1. d4 e6 2. e4 d5 3. e5 c5 4. c3 Nc6 5. Nf3 Bd7 6. Be2 Nge7 7. Na3 cxd4 8.
cxd4 Nf5 9. Nc2 Qb6 10. O-O Na5 11. g4 Ne7 12. b4 Nc4 13. a4 h5 14. gxh5
Nf5 15. Bxc4 dxc4 16. Ne3 Nxe3 17. Bxe3 Qc6 18. Ng5 f6 19. b5 Qd5 20. Nh3
fxe5 21. Qg4 exd4 22. Qg6+ Kd8 23. Nf4 Qf5 24. Rfd1 e5 25. Bxd4 Qxf4 26.
Be3 Rh6 27. Rxd7+ Kxd7 28. Rd1+ Qd4 29. Qg4+ Kc7 30. Bxd4 exd4 31. Rxd4 Kb6
32. Rxc4 Rd8 33. Qf4 Rhd6 34. Qe3+ 1-0

[Event "94th ch-GBR"]
[Site "Great Yarmouth ENG"]
[Date "2007.07.31"]
[Round "2"]
[White "Barrett,S"]
[Black "Howell,D"]
[Result "1-0"]
[WhiteElo "2219"]
[BlackElo "2519"]
[EventDate "2007.07.30"]

1. d4 g6 2. e4 Bg7 3. Nf3 d6 4. Nc3 a6 5. Be2 Nd7 6. O-O e6 7. Be3 Ne7 8.
Qd2 h6 9. Rfe1 b6 10. Rad1 Bb7 11. h3 b5 12. a3 Nb6 13. d5 e5 14. Nh2 f5
15. exf5 gxf5 16. f4 e4 17. Bh5+ Kf8 18. Bxb6 cxb6 19. Nf1 Rc8 20. Ne3 Rc5
21. Ne2 Nxd5 22. Nxf5 Bf6 23. Ned4 Nc7 24. g4 Rg8 25. Kh2 Qd7 26. Re3 d5
27. Nxh6 Rh8 28. g5 Qd6 29. Rg3 Bxd4 30. Qxd4 Rxc2+ 31. Kh1 Rxh6 32. gxh6
Qxh6 33. Qe5 e3 34. Qf5+ Ke7 35. Rxe3+ Kd6 36. Qe5+ Kc6 37. Be8+ Nxe8 38.
Qxe8+ Kc5 39. Qe7+ Qd6 40. b4+ 1-0

[Event "94th ch-GBR"]
[Site "Great Yarmouth ENG"]
[Date "2007.07.31"]
[Round "2"]
[White "Conquest,S"]
[Black "Storey,Ch"]
[Result "1-0"]
[WhiteElo "2546"]
[BlackElo "2218"]
[EventDate "2007.07.30"]

1. d4 c5 2. d5 g6 3. e4 Bg7 4. c4 e5 5. Nc3 d6 6. Bd3 Nd7 7. Nge2 a6 8. Be3
Ne7 9. Qc2 h5 10. h4 Nf6 11. f3 Bd7 12. a3 O-O 13. b4 b6 14. Rb1 Be8 15.
bxc5 dxc5 16. a4 a5 17. O-O Nd7 18. Nb5 Nc8 19. Qd2 Nb8 20. Bg5 f6 21. Be3
Nd6 22. f4 Bxb5 23. cxb5 Nd7 24. Rbc1 Qe7 25. Bb1 Rae8 26. f5 gxf5 27. exf5
Kf7 28. Ng3 Rh8 29. Ne4 Reg8 30. Nxd6+ Qxd6 31. Rc4 Bf8 32. Qe2 Ke7 33. Rd1
Rh7 34. Kh1 Rhg7 35. Be4 Rg4 36. Bf3 Rxc4 37. Qxc4 Rh8 38. Qc1 Kd8 39. Be4
Kc8 40. g3 Rg8 41. Kh2 Rg4 42. Qc4 Be7 43. Kg2 Nf8 44. Qc2 Bd8 45. Bf3 Rb4
46. Bxh5 Bc7 47. Be2 Nd7 48. h5 Nf8 49. Bc4 Nh7 50. h6 Kb8 51. Bd2 Ka7 52.
Re1 Qf8 53. Bxb4 axb4 54. d6 Bxd6 55. Qd2 Ng5 56. Rh1 Bc7 57. Qd7 Kb8 58.
Bd5 1-0

[Event "94th ch-GBR"]
[Site "Great Yarmouth ENG"]
[Date "2007.07.31"]
[Round "2"]
[White "Gormally,D"]
[Black "Chapman,T"]
[Result "1-0"]
[WhiteElo "2509"]
[BlackElo "2200"]
[EventDate "2007.07.30"]

1. e4 d6 2. d4 Nf6 3. Nc3 g6 4. Be3 c6 5. Nf3 Qc7 6. h3 Nbd7 7. Qd2 b5 8.
e5 dxe5 9. dxe5 Nxe5 10. Nxe5 Qxe5 11. O-O-O Be6 12. Bd4 Qc7 13. Nxb5 Qb7
14. Bxf6 exf6 15. Nd6+ Bxd6 16. Qxd6 Rb8 17. b3 Qb4 18. Qxc6+ Kf8 19. Qd6+
Kg7 20. Qxb4 Rxb4 21. Rd6 Rf4 22. f3 Rc8 23. Ba6 Rc7 24. Rhd1 h5 25. R6d4
Rf5 26. Bd3 Re5 27. h4 f5 28. Kd2 Kf6 29. f4 Ra5 30. a4 Rac5 31. g3 a5 32.
Re1 Rc8 33. Rd6 Ke7 34. Rb6 Kd8 35. Rb5 Rxb5 36. axb5 Kc7 37. c4 Kb6 38.
Kc3 Rd8 39. Re5 Kc7 40. c5 Bxb3 41. Re7+ Kb8 42. c6 Rd6 43. b6 Rxc6+ 44.
Kxb3 Rxb6+ 45. Ka4 Rb7 46. Rxb7+ Kxb7 47. Bc4 1-0

[Event "94th ch-GBR"]
[Site "Great Yarmouth ENG"]
[Date "2007.07.31"]
[Round "2"]
[White "Wise,D"]
[Black "Rudd,J"]
[Result "0-1"]
[WhiteElo "2189"]
[BlackElo "2370"]
[EventDate "2007.07.30"]

1. d4 Nf6 2. c4 c5 3. d5 e6 4. Nc3 exd5 5. cxd5 d6 6. e4 g6 7. Bd3 Bg7 8.
h3 O-O 9. Nf3 Nh5 10. O-O Na6 11. Re1 Nc7 12. Bg5 Qe8 13. a4 h6 14. Be3 b6
15. Qd2 g5 16. h4 f6 17. g3 Qf7 18. Nh2 f5 19. hxg5 f4 20. gxf4 Nxf4 21.
Bxf4 Qxf4 22. Qxf4 Rxf4 23. gxh6 Bd4 24. Re2 Bh3 25. Nd1 Raf8 26. Nf1 Rg4+
0-1

[Event "94th ch-GBR"]
[Site "Great Yarmouth ENG"]
[Date "2007.07.31"]
[Round "2"]
[White "Spence,D"]
[Black "Lalic,S"]
[Result "0-1"]
[WhiteElo "2183"]
[BlackElo "2350"]
[EventDate "2007.07.30"]

1. e4 d5 2. exd5 Nf6 3. Nf3 Nxd5 4. d4 Bf5 5. Bd3 Bxd3 6. Qxd3 c6 7. c4 Nf6
8. O-O e6 9. Nc3 Be7 10. b3 O-O 11. Bb2 Nbd7 12. Rad1 Qa5 13. d5 Nc5 14.
Qb1 Rad8 15. dxc6 bxc6 16. Rxd8 Rxd8 17. Rd1 Rxd1+ 18. Qxd1 Ncd7 19. Nd4
Qc7 20. Nc2 a5 21. Na4 h5 22. Qd4 e5 23. Qd1 e4 24. Ne3 Bd6 25. h3 Bh2+ 26.
Kh1 Be5 27. Bxe5 Qxe5 28. Qd2 g6 29. Qb2 Kf8 30. Qxe5 Nxe5 31. Nc5 Nd3 32.
Nxd3 exd3 33. f3 Ke7 34. Kg1 Kd6 35. Kf2 Kc5 36. Ke1 Kd4 37. Kd2 Nd7 38.
Nd1 Nc5 39. h4 f6 40. Nf2 g5 41. g4 hxg4 42. h5 g3 43. Nh3 Ne6 44. h6 Nf8
45. Ng1 Nh7 46. a3 c5 47. Nh3 f5 48. f4 g4 49. Ng1 g2 0-1

[Event "94th ch-GBR"]
[Site "Great Yarmouth ENG"]
[Date "2007.07.31"]
[Round "2"]
[White "Oswald,G"]
[Black "Walker,Mart"]
[Result "1-0"]
[WhiteElo "2147"]
[BlackElo "2262"]
[EventDate "2007.07.30"]

1. g3 Nf6 2. Bg2 d5 3. d3 g6 4. b4 Bg7 5. Bb2 O-O 6. Nd2 c6 7. c4 d4 8.
Ngf3 Ne8 9. O-O e5 10. Qc2 Qe7 11. a3 Be6 12. e3 dxe3 13. fxe3 Nd7 14. d4
exd4 15. exd4 Bf5 16. Qb3 Nd6 17. Rae1 Qd8 18. c5 Nb5 19. Nc4 Be6 20. a4
Nc7 21. Qc2 Bxc4 22. Qxc4 Nd5 23. Bc1 Qc7 24. b5 Rae8 25. Bd2 h6 26. a5
N7f6 27. Ne5 Nd7 28. Nxd7 Qxd7 29. a6 Ne7 30. axb7 Bxd4+ 31. Kh1 Bg7 32.
bxc6 Nxc6 33. Qb5 Qxd2 34. Rxe8 Rxe8 35. Qxc6 Qe2 36. Qd7 Qe6 37. Qxe6 fxe6
38. c6 Be5 39. Rd1 a5 40. Rd7 1-0

[Event "94th ch-GBR"]
[Site "Great Yarmouth ENG"]
[Date "2007.07.31"]
[Round "2"]
[White "Arakhamia,K"]
[Black "Poobalasingam,P"]
[Result "1/2-1/2"]
[WhiteElo "2418"]
[BlackElo "2133"]
[EventDate "2007.07.30"]

1. e4 c5 2. Nf3 d6 3. d4 cxd4 4. Nxd4 Nf6 5. Nc3 Nc6 6. Bg5 Bd7 7. f3 a6 8.
Qd2 e6 9. O-O-O b5 10. Kb1 Be7 11. h4 Qc7 12. g4 Ne5 13. Bd3 Nc4 14. Qe1 b4
15. Nce2 a5 16. Bc1 a4 17. Qxb4 d5 18. Qc3 Rb8 19. Bxc4 Bb4 20. Qe3 dxc4
21. a3 Ba5 22. c3 e5 23. Nf5 Bxf5 24. exf5 Bb6 25. Qd2 Nd7 26. Qd5 Nc5 27.
Qxc4 O-O 28. Ng3 Qb7 29. Ne4 Nb3 30. Rh2 Qa7 31. f6 Rfc8 32. Qe2 Bc5 33.
Nxc5 Qxc5 34. Qe3 gxf6 35. Qxc5 Rxc5 36. Be3 Rc6 37. Rd7 Na5 38. Kc2 Nc4
39. Bc1 Rcb6 40. Kd3 Nxb2+ 41. Bxb2 Rxb2 42. Rxb2 Rxb2 43. Ra7 Rf2 44. Ke4
Rc2 45. Rxa4 Rxc3 46. Ra8+ Kg7 47. a4 h5 48. gxh5 f5+ 49. Kxf5 Rxf3+ 50.
Kxe5 Rh3 51. Ra6 Rxh4 52. h6+ Kh7 53. a5 Ra4 54. Kd5 f5 55. Kc5 Ra1 56. Kb5
Rb1+ 57. Kc4 Ra1 58. Kd4 Ra4+ 59. Ke3 Re4+ 60. Kf2 Rf4+ 61. Kg3 Rg4+ 62.
Kf3 Ra4 63. Kf2 Rf4+ 64. Ke2 Re4+ 65. Kd2 Ra4 66. Kd3 f4 67. Ke2 Ra3 68.
Kf2 Kh8 69. Ra7 Rh3 70. h7 Ra3 71. a6 f3 72. Kg3 f2+ 73. Kxf2 Rf3+ 74. Ke2
Re3+ 1/2-1/2

[Event "94th ch-GBR"]
[Site "Great Yarmouth ENG"]
[Date "2007.07.31"]
[Round "2"]
[White "Makepeace,P"]
[Black "Kwiatkowski,F"]
[Result "1/2-1/2"]
[WhiteElo "1978"]
[BlackElo "2255"]
[EventDate "2007.07.30"]

1. e4 c5 2. Nf3 Nc6 3. d4 cxd4 4. Nxd4 Nf6 5. Nc3 e5 6. Ndb5 d6 7. Nd5 Nxd5
8. exd5 Nb8 9. a4 a6 10. Na3 Be7 11. Be2 O-O 12. O-O Nd7 13. Kh1 f5 14. f4
Bf6 15. Nc4 Qc7 16. Be3 Re8 17. Ra3 exf4 18. Bxf4 Ne5 19. Bxe5 Bxe5 20. Re3
Bd7 21. Nxe5 Rxe5 22. Rxe5 dxe5 23. d6 1/2-1/2

[Event "94th ch-GBR"]
[Site "Great Yarmouth ENG"]
[Date "2007.07.31"]
[Round "2"]
[White "Eggleston,D"]
[Black "Tippleston,C"]
[Result "1/2-1/2"]
[WhiteElo "2330"]
[BlackElo "2178"]
[EventDate "2007.07.30"]

1. e4 c5 2. Nf3 Nc6 3. Bb5 g6 4. O-O Bg7 5. Re1 Nf6 6. e5 Nd5 7. Nc3 Nc7 8.
Bxc6 dxc6 9. Ne4 Ne6 10. d3 O-O 11. Be3 b6 12. Qd2 Nd4 13. Nxd4 cxd4 14.
Bh6 Qd5 15. Qg5 Bxh6 16. Qxh6 Qxe5 17. Ng5 Qg7 18. Qxg7+ Kxg7 19. Nf3 e6
20. Nxd4 c5 21. Nf3 Rd8 22. Ne5 f6 23. Nc4 Kf7 24. f4 Bb7 25. Re2 Rd4 26.
Rf1 h5 27. a4 Bc6 28. b3 Rb8 29. Nd2 a6 30. g3 Rdd8 31. h4 1/2-1/2

[Event "94th ch-GBR"]
[Site "Great Yarmouth ENG"]
[Date "2007.07.31"]
[Round "2"]
[White "Armstrong,M"]
[Black "James,R"]
[Result "1/2-1/2"]
[WhiteElo "2126"]
[BlackElo "2238"]
[EventDate "2007.07.30"]

1. d4 d5 2. Nf3 e6 3. c4 c5 4. cxd5 exd5 5. Nc3 Nc6 6. g3 Nf6 7. Bg5 cxd4
8. Nxd4 Be7 9. Bg2 O-O 10. O-O h6 11. Bxf6 Bxf6 12. e3 Be6 13. Qa4 Qb6 14.
Bxd5 Nxd4 15. exd4 Qxb2 16. Bxe6 Qxc3 17. Bd5 Rad8 18. Rac1 Qxd4 19. Qxd4
Bxd4 20. Bxb7 Bb6 21. Rfd1 1/2-1/2

[Event "94th ch-GBR"]
[Site "Great Yarmouth ENG"]
[Date "2007.07.31"]
[Round "2"]
[White "Bonafont,P"]
[Black "Anderton,M"]
[Result "1-0"]
[WhiteElo "2098"]
[BlackElo "2229"]
[EventDate "2007.07.30"]

1. d4 Nf6 2. Nf3 c5 3. d5 b5 4. c4 g6 5. Nfd2 Bg7 6. e4 bxc4 7. Nc3 d6 8.
Nxc4 O-O 9. Be2 Nfd7 10. O-O Ba6 11. Ne3 Nb6 12. a4 Bxe2 13. Qxe2 a5 14.
Bd2 Na6 15. b3 Nb4 16. Rab1 e6 17. dxe6 fxe6 18. Rbd1 d5 19. Nb5 Qe7 20.
Bxb4 axb4 21. exd5 exd5 22. Qd3 Rfd8 23. Rfe1 Qf7 24. h3 d4 25. Ng4 c4 26.
Qg3 c3 27. Nxd4 Rxd4 28. Rxd4 Qxb3 29. Rde4 Qxa4 30. Qd6 1-0

[Event "94th ch-GBR"]
[Site "Great Yarmouth ENG"]
[Date "2007.07.31"]
[Round "2"]
[White "Briscoe,C"]
[Black "Wilson,A"]
[Result "1-0"]
[WhiteElo "2224"]
[BlackElo "2066"]
[EventDate "2007.07.30"]

1. e4 e6 2. c4 c5 3. Nf3 Nc6 4. Be2 g6 5. d4 cxd4 6. Nxd4 a6 7. O-O Bg7 8.
Be3 Nge7 9. Nc3 O-O 10. Qd2 Rb8 11. Rad1 Qa5 12. f4 Rd8 13. Nb3 Qc7 14. Bc5
d5 15. cxd5 exd5 16. Nxd5 Nxd5 17. exd5 b6 18. Bf2 Be6 19. Bf3 Bxd5 20.
Bxd5 Ne7 21. Bxf7+ Kxf7 22. Qe2 Nf5 23. g4 Nd6 24. f5 gxf5 25. Bg3 Qc4 26.
Qxc4+ Nxc4 27. Bxb8 Rxb8 28. Rd7+ Kg8 29. gxf5 Ne3 30. Rf3 Ng4 31. Rg3 1-0

[Event "94th ch-GBR"]
[Site "Great Yarmouth ENG"]
[Date "2007.07.31"]
[Round "2"]
[White "Fowler,S"]
[Black "Smith,G"]
[Result "1-0"]
[WhiteElo "2204"]
[BlackElo "2129"]
[EventDate "2007.07.30"]

1. e4 e5 2. Nf3 Nc6 3. Bb5 a6 4. Ba4 Nf6 5. O-O Be7 6. Re1 d6 7. c3 Bg4 8.
h3 Bh5 9. d3 Nd7 10. Nbd2 Nc5 11. Bc2 Qd7 12. Nf1 Ne6 13. Ng3 Bxf3 14. Qxf3
O-O 15. Nf5 Rad8 16. Qg4 Bf6 17. Re3 g6 18. Rf3 h5 19. Qg3 Bh8 20. Bb3 Kh7
21. Qh4 gxf5 22. Qxh5+ Kg8 23. Rg3+ Ng7 24. Bh6 1-0

[Event "94th ch-GBR"]
[Site "Great Yarmouth ENG"]
[Date "2007.07.31"]
[Round "2"]
[White "Hodgson,Jo"]
[Black "Lyell,M"]
[Result "1/2-1/2"]
[WhiteElo "2227"]
[BlackElo "2187"]
[EventDate "2007.07.30"]

1. e4 e5 2. Nf3 Nc6 3. Bb5 f5 4. Bxc6 bxc6 5. d4 fxe4 6. Nxe5 Nf6 7. O-O c5
8. Nc3 Bd6 9. Bg5 Bb7 10. Ng4 O-O 11. Nxf6+ gxf6 12. Bh6 Rf7 13. Qg4+ Kh8
14. Nxe4 Qg8 15. Qxg8+ Rxg8 16. Rfe1 f5 17. Ng5 Rf6 18. dxc5 Bxh2+ 19. Kh1
Bxg2+ 20. Kxh2 Rxh6+ 21. Kxg2 Rxg5+ 22. Kf3 Rhg6 23. Re8+ Rg8 24. Rae1 h6
25. R1e7 Rxe8 26. Rxe8+ Kh7 27. Kf4 Rg2 28. Re7+ Kg6 29. Kf3 Rg4 30. Rxd7
Rc4 31. Rxc7 Rxc2 32. c6 a5 33. Ra7 Rxb2 34. Rxa5 Rc2 35. Ra6 Kg5 36. a4 h5
37. a5 Rc3+ 38. Kg2 Rc5 39. Ra8 Rxc6 40. a6 Kh4 41. a7 Ra6 42. Rf8 Rxa7
1/2-1/2

[Event "94th ch-GBR"]
[Site "Great Yarmouth ENG"]
[Date "2007.07.31"]
[Round "2"]
[White "Ciuksyte,D"]
[Black "Roberson,P"]
[Result "0-1"]
[WhiteElo "2426"]
[BlackElo "2209"]
[EventDate "2007.07.30"]

1. g3 e5 2. c4 c6 3. d4 Bb4+ 4. Bd2 Bxd2+ 5. Qxd2 d6 6. Nc3 Nf6 7. Bg2 O-O
8. Rd1 Qe7 9. dxe5 dxe5 10. Nf3 Re8 11. O-O Bf5 12. Ng5 Na6 13. Nge4 Nxe4
14. Nxe4 Bxe4 15. Bxe4 Nc5 16. Bg2 a5 17. b3 f6 18. Qc3 Ne6 19. Rd3 Qb4 20.
Qc1 Nc5 21. Rc3 Qb6 22. Qe3 a4 23. Rd1 Red8 24. Rcd3 Rxd3 25. Rxd3 Qb4 26.
Rd1 axb3 27. axb3 Qxb3 28. Qd2 Qxc4 29. Qd6 h6 30. Bf3 Ne6 31. Rb1 Nd4 32.
Rxb7 Nxf3+ 0-1

[Event "94th ch-GBR"]
[Site "Great Yarmouth ENG"]
[Date "2007.07.31"]
[Round "2"]
[White "Knott,S"]
[Black "McEwan,K"]
[Result "1-0"]
[WhiteElo "2374"]
[BlackElo "2170"]
[EventDate "2007.07.30"]

1. Nf3 d5 2. d4 Nf6 3. c4 c6 4. Nc3 dxc4 5. a4 Bf5 6. e3 e6 7. Bxc4 Bb4 8.
O-O O-O 9. Qe2 Ne4 10. Bd3 Bxc3 11. Bxe4 Bxe4 12. bxc3 Qa5 13. Bb2 Nd7 14.
Nd2 Bg6 15. e4 c5 16. Qb5 Qc7 17. f3 Rfd8 18. Nc4 f6 19. Ne3 Bf7 20. a5 b6
21. a6 Rac8 22. Rfd1 Be8 23. Qe2 c4 24. Ba3 Nb8 25. d5 Nxa6 26. dxe6 Rxd1+
27. Rxd1 Qc6 28. Nd5 Qxe6 29. Ne7+ Kf7 30. Nxc8 Qxc8 31. e5 Qe6 32. f4 fxe5
33. Rd6 Qc8 34. fxe5 b5 35. Qf2+ Kg8 36. Rd8 1-0

[Event "94th ch-GBR"]
[Site "Great Yarmouth ENG"]
[Date "2007.07.31"]
[Round "2"]
[White "Sowray,P"]
[Black "Hall,Dan"]
[Result "1/2-1/2"]
[WhiteElo "2352"]
[BlackElo "2113"]
[EventDate "2007.07.30"]

1. c4 e5 2. g3 Nc6 3. Bg2 g6 4. Nc3 Bg7 5. e4 d6 6. Nge2 Be6 7. d3 Nge7 8.
Nd5 O-O 9. O-O f5 10. Be3 h6 11. Qd2 Kh7 12. Nxe7 Qxe7 13. exf5 Rxf5 14.
Rac1 Re8 15. d4 exd4 16. Nxd4 Nxd4 17. Bxd4 b6 18. Rfe1 Bxd4 19. Qxd4 Qg7
20. Qd2 Bf7 21. Rxe8 Bxe8 22. f4 Rf7 23. Re1 Re7 24. Rxe7 Qxe7 25. h4 h5
26. Qd3 Bd7 27. Kh2 Bg4 28. Qd5 a5 29. b3 Qe6 30. Qc6 Qd7 31. Qb7 Qc8 32.
Qd5 Qe6 33. Qc6 Qd7 34. Qd5 Qe6 1/2-1/2

[Event "94th ch-GBR"]
[Site "Great Yarmouth ENG"]
[Date "2007.07.31"]
[Round "2"]
[White "Snape,I"]
[Black "Grigoryan Lyell,M"]
[Result "1-0"]
[WhiteElo "2255"]
[BlackElo "2048"]
[EventDate "2007.07.30"]

1. c4 e5 2. Nc3 Nc6 3. g3 Nf6 4. Nf3 Bc5 5. Nxe5 Bxf2+ 6. Kxf2 Nxe5 7. e4
d6 8. d4 Nfg4+ 9. Kg2 Qf6 10. Qe2 Nxc4 11. h3 Qxd4 12. hxg4 Be6 13. Qf2
Qxf2+ 14. Kxf2 Ne5 15. g5 c6 16. Be2 O-O-O 17. Bf4 Ng6 18. Rac1 f5 19. gxf6
gxf6 20. Rh6 f5 21. exf5 Bxf5 22. Nb5 Nxf4 23. gxf4 Bg6 24. Bg4+ Kb8 25.
Nd4 Be4 26. Ne6 Rdg8 27. Ng5 Rg6 28. Rxg6 Bxg6 29. Re1 Rf8 30. Kg3 h6 31.
Ne6 Rf6 32. Ng7 d5 33. f5 Bxf5 34. Nxf5 Kc7 35. Kf4 Rf8 36. Re6 Rf7 37.
Rxh6 Kb6 38. Ke5 a5 39. Kd4 Rc7 40. Ne3 Ka7 41. Bf5 Rf7 42. Rh7 Rf8 43. Kc5
Re8 44. Bd7 1-0

[Event "94th ch-GBR"]
[Site "Great Yarmouth ENG"]
[Date "2007.07.31"]
[Round "2"]
[White "Mason,D"]
[Black "Van Kemenade,R"]
[Result "1/2-1/2"]
[WhiteElo "2251"]
[BlackElo "2032"]
[EventDate "2007.07.30"]

1. e4 e5 2. Nf3 Nf6 3. Nxe5 d6 4. Nf3 Nxe4 5. d4 d5 6. Bd3 Nc6 7. O-O Be7
8. c4 Nb4 9. Be2 O-O 10. a3 Nc6 11. cxd5 Qxd5 12. Nc3 Nxc3 13. bxc3 Bf5 14.
Re1 Be4 15. Bf4 Bd6 16. c4 Qf5 17. Bxd6 cxd6 18. d5 Bxf3 19. Bxf3 Ne5 20.
Be4 Qg5 21. g3 Nd7 22. Qd4 1/2-1/2

[Event "94th ch-GBR"]
[Site "Great Yarmouth ENG"]
[Date "2007.07.31"]
[Round "2"]
[White "Foord,D"]
[Black "Posazhennikov,A"]
[Result "1-0"]
[WhiteElo "1950"]
[BlackElo "2247"]
[EventDate "2007.07.30"]

1. d4 Nf6 2. c4 g6 3. Nc3 d5 4. h4 h5 5. Bg5 dxc4 6. e3 c6 7. Bxc4 b5 8.
Bxb5 Qb6 9. Bc4 Qxb2 10. Nge2 Qb4 11. Bxf6 exf6 12. Qd3 Be7 13. Rb1 Qd6 14.
Ne4 Qd8 15. Nf4 f5 16. Nd2 Nd7 17. Bxf7+ Kxf7 18. Qc4+ Ke8 19. Qxc6 Bf6 20.
Qxa8 Qc7 21. Nd5 Qc2 22. Nxf6+ Nxf6 23. O-O Ke7 24. Rfc1 Qxd2 25. Rxc8 Re8
26. Rxe8+ Nxe8 27. Qb7+ Ke6 28. Qc8+ Kf7 29. Qd7+ Kf8 30. Rb8 1-0

[Event "94th ch-GBR"]
[Site "Great Yarmouth ENG"]
[Date "2007.07.31"]
[Round "2"]
[White "White,Mi"]
[Black "Dossett,C"]
[Result "1-0"]
[WhiteElo "2246"]
[BlackElo "2001"]
[EventDate "2007.07.30"]

1. e4 c5 2. Nf3 d6 3. d4 cxd4 4. Nxd4 Nf6 5. Nc3 a6 6. f4 e6 7. Qf3 Qb6 8.
Nb3 Qc7 9. g4 b5 10. Bd3 b4 11. Ne2 Nfd7 12. g5 Nc5 13. Nxc5 dxc5 14. b3
Bb7 15. Qh3 Nd7 16. g6 fxg6 17. Qxe6+ Be7 18. Bb2 Nf8 19. Qh3 Bf6 20. O-O-O
Bxb2+ 21. Kxb2 Bc8 22. Qe3 Ne6 23. Bc4 Rf8 24. Rd5 Nxf4 25. Nxf4 Qxf4 26.
Qxc5 Bd7 27. Re5+ Kd8 28. Qb6+ 1-0

[Event "94th ch-GBR"]
[Site "Great Yarmouth ENG"]
[Date "2007.07.31"]
[Round "2"]
[White "Adams,D"]
[Black "White,E"]
[Result "1-0"]
[WhiteElo "2234"]
[BlackElo "1969"]
[EventDate "2007.07.30"]

1. e4 e5 2. Bc4 Nf6 3. d3 c6 4. Nf3 d5 5. Bb3 Bd6 6. Nc3 d4 7. Ne2 Nbd7 8.
c3 dxc3 9. bxc3 O-O 10. O-O Nc5 11. Bc2 Bg4 12. Ng3 Nh5 13. d4 exd4 14.
cxd4 Ne6 15. Bb2 Bf4 16. Qd3 g6 17. d5 cxd5 18. exd5 Neg7 19. Nxh5 Bxh5 20.
Qd4 Bh6 21. g4 Bxg4 22. Qxg4 Qxd5 23. Bb3 Qb5 24. Rfe1 Rad8 25. Bf6 Rc8 26.
Ne5 Rc7 27. Rad1 Nf5 28. Rd5 Qb6 1-0

[Event "94th ch-GBR"]
[Site "Great Yarmouth ENG"]
[Date "2007.07.01"]
[Round "3"]
[White "Pert,N"]
[Black "Buckley,G"]
[Result "1-0"]
[WhiteElo "2536"]
[BlackElo "2379"]
[EventDate "2007.07.30"]

1. d4 Nf6 2. Nf3 b5 3. Bg5 Bb7 4. Nbd2 a6 5. c3 e6 6. e4 h6 7. Bxf6 Qxf6 8.
Bd3 c5 9. O-O cxd4 10. cxd4 Nc6 11. Nb3 Qd8 12. d5 Na5 13. Nxa5 Qxa5 14. a4
bxa4 15. Rxa4 Qb6 16. Ne5 Be7 17. Qg4 Bf6 18. Nc4 Qc7 19. d6 Qc6 20. Rb4
Bd4 21. e5 h5 22. Qg5 f6 23. Qg6+ Kf8 24. Na5 Qxg2+ 25. Qxg2 Bxg2 26. Kxg2
Bxe5 27. Nc4 Bf4 28. Nb6 Bxd6 29. Rd4 Ke7 30. Nxa8 Rxa8 31. Rd1 Ra7 32. Bg6
Be5 33. Rb4 a5 34. Rb5 h4 35. Ra1 a4 36. Rb4 f5 37. Raxa4 Rxa4 38. Rxa4
Bxb2 39. Rxh4 Kf6 40. Be8 Ke7 41. Bh5 e5 42. Rb4 Bc3 43. Rb5 Ke6 44. Bd1
Bd4 45. Bb3+ Kf6 46. Rd5 Ke7 47. f4 d6 48. Rxd4 exd4 49. Kf2 d5 50. h4 Kf6
51. Bxd5 Kg6 52. Bf3 1-0

[Event "94th ch-GBR"]
[Site "Great Yarmouth ENG"]
[Date "2007.07.01"]
[Round "3"]
[White "Barrett,S"]
[Black "Gordon,S"]
[Result "1-0"]
[WhiteElo "2219"]
[BlackElo "2487"]
[EventDate "2007.07.30"]

1. d4 Nf6 2. c4 e6 3. Nc3 Bb4 4. Qc2 O-O 5. a3 Bxc3+ 6. Qxc3 b6 7. Bg5 Bb7
8. e3 d6 9. f3 Nbd7 10. Bd3 c5 11. dxc5 bxc5 12. Ne2 Qb6 13. O-O a5 14.
Rac1 Rfe8 15. Rfd1 Rab8 16. Rd2 Ba6 17. Bb1 d5 18. cxd5 exd5 19. Bxf6 Nxf6
20. Qxc5 Qxc5 21. Rxc5 Rxe3 22. Nc3 Re1+ 23. Kf2 Rc1 24. Rxa5 d4 25. Na4
Bb5 26. Bd3 Be8 27. b4 g6 28. Nc5 Rc3 29. Ne4 Nxe4+ 30. Bxe4 Rd8 31. Bd5
Bc6 32. Rxd4 Rxd5 33. Raxd5 Bxd5 34. Rxd5 Rxa3 35. g4 Rb3 36. Rb5 h6 37. h4
Kg7 38. g5 hxg5 39. hxg5 Kg8 40. Kg3 Kg7 41. Kf4 Rb1 42. Rb7 Rb2 43. b5 Re2
44. Rc7 Rb2 45. Rc5 f6 46. gxf6+ Kxf6 47. Rc6+ Kf7 48. b6 Rb5 49. Ke4 g5
50. Kd4 Ke7 51. Kc4 Rb1 52. Kc5 Rc1+ 53. Kb5 Rb1+ 54. Ka6 Ra1+ 55. Kb7 Kd7
56. Rc7+ Kd8 57. Kb8 Ra3 58. Rc5 Rxf3 59. Rxg5 Kd7 60. b7 Ra3 61. Rd5+ Kc6
62. Rd1 Rh3 63. Rc1+ Kb6 64. Rb1+ Kc6 65. Ra1 Rh7 66. Ka8 1-0

[Event "94th ch-GBR"]
[Site "Great Yarmouth ENG"]
[Date "2007.07.01"]
[Round "3"]
[White "Oswald,G"]
[Black "Flear,G"]
[Result "1-0"]
[WhiteElo "2147"]
[BlackElo "2479"]
[EventDate "2007.07.30"]

1. g3 d5 2. Bg2 e5 3. d3 Nf6 4. Nf3 Nc6 5. O-O Be7 6. c4 O-O 7. cxd5 Nxd5
8. Nc3 Nb6 9. a4 a5 10. Be3 Re8 11. Rc1 Bb4 12. Nb5 Bg4 13. h3 Bh5 14. g4
Bg6 15. Nd2 h5 16. f4 hxg4 17. hxg4 exf4 18. Bxf4 Nd4 19. Ne4 Nxb5 20. axb5
Rc8 21. Rf2 Qd7 22. Nc5 Qxg4 23. Kf1 Qh5 24. Bf3 Qf5 25. Be4 Qh3+ 26. Bg2
Qh5 27. Bf3 Qf5 28. Be4 Rxe4 29. Nxe4 Nd5 30. e3 Qh3+ 31. Kg1 Nxf4 32. exf4
Rd8 33. Qf3 Rxd3 34. Qxh3 Rxh3 35. Ng5 Re3 36. Rxc7 f6 37. f5 Rg3+ 38. Kf1
Bxf5 39. Rxf5 fxg5 40. Rxb7 Rb3 41. Rxg5 Rxb2 42. Rgxg7+ Kf8 43. Rgc7 Rb1+
44. Ke2 Re1+ 45. Kd3 Be7 46. b6 Bd8 47. Rc8 Rd1+ 48. Kc2 Rd6 49. Rbb8 Ke7
50. b7 1-0

[Event "94th ch-GBR"]
[Site "Great Yarmouth ENG"]
[Date "2007.07.01"]
[Round "3"]
[White "Wu,L"]
[Black "Aagaard,J"]
[Result "0-1"]
[WhiteElo "2314"]
[BlackElo "2467"]
[EventDate "2007.07.30"]

1. d4 Nf6 2. c4 e6 3. Nf3 c5 4. d5 b5 5. Bg5 exd5 6. cxd5 d6 7. e4 a6 8. a4
Be7 9. Nbd2 O-O 10. axb5 Nxd5 11. Bxe7 Qxe7 12. bxa6 Nb4 13. Be2 f5 14.
exf5 Rxa6 15. Rxa6 Bxa6 16. Kf1 Bb7 17. g4 N8c6 18. Rg1 d5 19. Rg3 Ne5 20.
Qb3 Ra8 21. Kg2 Ra1 22. Kh3 Nxg4 23. Rxg4 Qxe2 24. Re4 Qb5 25. Re7 Bc8 26.
Qe3 Bxf5+ 27. Kg2 Nc6 28. Re8+ Kf7 29. Ng5+ Kg6 30. Ndf3 Qf1+ 31. Kg3 Qg1+
32. Nxg1 Rxg1+ 33. Kf4 Rg4+ 34. Kf3 Nd4+ 35. Qxd4 cxd4 36. Nh3 Re4 37. Nf4+
Kg5 38. Rxe4 Bxe4+ 39. Kg3 d3 0-1

[Event "94th ch-GBR"]
[Site "Great Yarmouth ENG"]
[Date "2007.07.01"]
[Round "3"]
[White "Anderson,J"]
[Black "Gormally,D"]
[Result "0-1"]
[WhiteElo "2207"]
[BlackElo "2509"]
[EventDate "2007.07.30"]

1. e4 c5 2. Nf3 d6 3. d4 cxd4 4. Nxd4 Nf6 5. Nc3 a6 6. Bg5 e6 7. f4 Be7 8.
Qf3 Qc7 9. O-O-O Nbd7 10. Bd3 b5 11. Rhe1 Bb7 12. Qg3 O-O-O 13. Bxb5 axb5
14. Ndxb5 Qb6 15. e5 Nh5 16. Qh4 f6 17. exf6 Nhxf6 18. Rxe6 Rhe8 19. Rexd6
Qe3+ 20. Kb1 h6 21. Bxf6 Nxf6 22. Rxd8+ Rxd8 23. Re1 Qc5 24. Re5 Nd5 25.
Qg4+ Kb8 26. Qe2 Qg1+ 27. Qe1 Nxc3+ 28. Nxc3 Qxe1+ 29. Rxe1 Bf6 30. g3 Rd2
31. Re2 Rxe2 32. Nxe2 Bf3 33. Ng1 Bg4 34. h3 Bf5 35. Kc1 Bd4 36. g4 Be4 37.
Ne2 Be3+ 38. Kd1 Bg2 39. h4 Bf3 40. g5 hxg5 41. fxg5 Bf2 42. Kd2 Bxh4 43.
Ke3 Bh5 44. Nf4 Bxg5 45. Ke4 Bd1 46. c3 Bc2+ 47. Ke5 Bb1 48. a4 Bf6+ 49.
Ke6 g5 50. Nd5 Bd8 51. Ne3 Bb6 52. Ng4 Bc2 53. Ne5 Kb7 54. b4 Bxa4 55. c4
Bc7 56. Ng4 Bf4 57. Nf2 Be3 58. Ng4 Bd2 59. b5 Bd1 60. Kf5 Bc2+ 61. Ke6 Kb6
62. Ne5 Kc5 63. Nd7+ Kxc4 64. b6 Be4 65. Nf6 Kd4 66. Ng4 Kc5 67. Nf6 Bc6
68. Kf5 Kxb6 69. Kg4 Kc7 70. Kf5 Kd6 71. Kg4 Ke5 72. Nh7 Bd7+ 73. Kh5 Kf5
0-1